00471nam a2200181Ia 4500003000900000008004100009040001300050040001300063041000800076100001600084245012700100250001200227260001400239260000900253300001100262300001000273490000600283IT-RoPAU120407s9999 xx 000 0 und d aIT-RoPAU cIT-RoPAU afra aPierre Suau aLa Mère Marie de Jésus. Emilie d’Oultremont (1818-1878 ) Fondatrice de la Société de Marie Réparatrice. 5a ed. aTournai aCasterman c1963 a370 p. c20 cm v1